El triunfo de Don Quijote (Record no. 66762)

MARC details
000 -LEADER
campo de control de longitud fija 00931nam a2200277 i 4500
001 - NÚMERO DE CONTROL
campo de control 66762
003 - IDENTIFICADOR DE NÚMERO DE CONTROL
campo de control ES-MaACL
005 - FECHA Y HORA DE LA ÚLTIMA TRANSACCIÓN
campo de control 20230906165824.0
007 - CAMPO FIJO DE DESCRIPCIÓN FÍSICA--INFORMACIÓN GENERAL
campo de control de longitud fija t|
008 - DATOS DE LONGITUD FIJA--INFORMACIÓN GENERAL
campo de control de longitud fija 020726s2002 sp ||||0|bspa d
020 ## - NÚMERO INTERNACIONAL ESTÁNDAR DEL LIBRO
Número Internacional Estándar del Libro 84-932439-2-2
080 ## - NÚMERO DE LA CLASIFICACIÓN DECIMAL UNIVERSAL
Número de la Clasificación Decimal Universal 929 Ignacio de Loyola, Santo
080 ## - NÚMERO DE LA CLASIFICACIÓN DECIMAL UNIVERSAL
Número de la Clasificación Decimal Universal 821.134.2 Cervantes Saavedra, Miguel de 1.07
080 ## - NÚMERO DE LA CLASIFICACIÓN DECIMAL UNIVERSAL
Número de la Clasificación Decimal Universal 271.5(0:82)
100 1# - ENTRADA PRINCIPAL--NOMBRE DE PERSONA
Nombre de persona Ortés, Federico.
9 (RLIN) 87518
245 13 - MENCIÓN DEL TÍTULO
Título El triunfo de Don Quijote
Resto del título : Cervantes y la Compañía de Jesús: un mensaje cifrado /
Mención de responsabilidad, etc. Federico Ortés.
250 ## - MENCION DE EDICION
Mención de edición 1ª ed.
260 ## - PUBLICACIÓN, DISTRIBUCIÓN, ETC.
Lugar de publicación, distribución, etc. Brenes (Sevilla) :
Nombre del editor, distribuidor, etc. Muñoz Moya,
Fecha de publicación, distribución, etc. 2002.
300 ## - DESCRIPCIÓN FÍSICA
Extensión 689 p. ;
Dimensiones 24 cm.
500 ## - NOTA GENERAL
Nota general Índice.
600 04 - PUNTO DE ACCESO ADICIONAL DE MATERIA--NOMBRE DE PERSONA
Nombre de persona Ignacio de Loyola
Títulos y otros términos asociados al nombre , Santo.
9 (RLIN) 65147
600 14 - PUNTO DE ACCESO ADICIONAL DE MATERIA--NOMBRE DE PERSONA
Nombre de persona Cervantes Saavedra, Miguel de,
Fechas asociadas al nombre 1547-1616-
Subdivisión general Crítica e interpretación
9 (RLIN) 37602
610 27 - PUNTO DE ACCESO ADICIONAL DE MATERIA--NOMBRE DE ENTIDAD CORPORATIVA
Nombre de entidad corporativa o nombre de jurisdicción como elemento de entrada Jesuitas-
Subdivisión general En la literatura.
9 (RLIN) 155052
852 ## - LOCALIZACIÓN
Ubicación ES-MaACL
Número de control de estantería L-27252
Holdings
Estatus retirado Estado de pérdida Estado de daño No para préstamo Biblioteca de origen Biblioteca actual Ubicación en estantería Fecha de adquisición Fuente de adquisición Total de préstamos Signatura topográfica completa Código de barras Visto por última vez Precio de reemplazo Tipo de ítem Koha
        Biblioteca del Ateneo de Madrid Biblioteca del Ateneo de Madrid Depósito 2 17/01/2008     L-27252 1069928 23/02/2023 23/02/2023 Libro impreso